000 00746nam a2200253 i 4500
001 16313
003 ES-MaACL
005 20230906151305.0
007 t|
008 000828s1997 mx ||||1| spa d
020 _a968-853-265-7
080 _a618.85
080 _a159.964.2:618.85
100 1 _aFenichel, Otto.
_949249
245 1 0 _aTeoría psicoanalítica de la neurosis /
_cOtto Fenichel.
260 _aMéxico :
_bPaidós Mexicana,
_c1997.
300 _a814 p. ;
_c22 cm.
490 1 _aBiblioteca de psicología profunda ;
_v2
650 1 4 _aNeurosis.
_915534
650 1 4 _aPsicoanálisis.
_916530
830 0 _aBiblioteca de psicología profunda ;
_v2
_9179952
852 _aES-MaACL
_jL-23591
_bR.128701
999 _c16313
_d16313